000
00247nam a2200109Ia 4500
008
190919s9999||||xx |||||||||||||| ||und||
100
_a
Ravi Kalakota
245
0
_a
E-Business
260
_a
New Delhi
_b
Addison
_c
2002
300
_a
548
942
_c
BK
999
_c
11108
_d
11108